Where in the World is the US President? Quiz Stats

Quiz Updated Jan 20, 2017

Challenge
Share
Tweet
Score 0/24 Timer 06:00
15 Plays Today
% Correct
South Africa - Bill Clinton visits Robben Island in 1998
98.7%
China - Richard Nixon and Zhou Enlai in Beijing in 1972
96.8%
Iraq - George W. Bush celebrates Thanksgiving in Baghdad in 2003
90%
Japan - Gerald Ford in Tokyo in 1974
88.4%
Ireland - Ronald Reagan drinks a Guinness in 1984
86.8%
South Korea - Lyndon Johnson visits Seoul in 1966
86.7%
Saudi Arabia - George H.W. Bush meets King Fahd in 1990
83.7%
Vatican City - John F. Kennedy meets Pope Paul VI in 1963
83.3%
Israel - Bill Clinton and George H.W. Bush at Yitzhak Rabin's funeral in 1995
83.1%
India - Dwight Eisenhower visits New Delhi in 1959
78.1%
United Kingdom - Richard Nixon meets Queen Elizabeth II in 1970
76.7%
Brazil - Barack Obama plays soccer in Rio de Janeiro in 2011
74.6%
% Correct
Mongolia - George W. Bush visits Ulaanbaatar in 2005
68.8%
Poland - George H.W. Bush meets Lech Wałęsa in 1989
58.5%
Italy - Jimmy Carter attends the G7 summit in Venice in 1980
57.2%
France - Woodrow Wilson at the Paris Peace Conference in 1919
56.7%
Panama - Theodore Roosevelt at the Panama Canal in 1906
55.2%
Germany - Harry Truman at the Potsdam Conference in 1945
54.3%
Myanmar - Barack Obama visits Yangon in 2012
48.5%
Mexico - Harry Truman visits Mexico City in 1947
46.6%
Canada - Warren Harding plays golf in Vancouver in 1923
33.2%
Egypt - Franklin Roosevelt meets King Farouk in 1945
33.1%
Taiwan - Dwight Eisenhower meets Chiang Kai-shek in 1960
28.2%
Iran - Jimmy Carter meets the Shah in 1978
25.4%

You're not logged in!

Compare scores with friends on all Sporcle quizzes.
Sign Up with Email
OR
Log In

You Might Also Like...

Show Comments

Extras

Top Quizzes Today


Score Distribution

Your Account Isn't Verified!

In order to create a playlist on Sporcle, you need to verify the email address you used during registration. Go to your Sporcle Settings to finish the process.